The Ciba collection of medical illustrations (Record no. 1353)

000 -LEADER
fixed length control field 00679nam a22001937a 4500
003 - CONTROL NUMBER IDENTIFIER
control field OSt
005 - DATE AND TIME OF LATEST TRANSACTION
control field 20210625110320.0
008 - FIXED-LENGTH DATA ELEMENTS--GENERAL INFORMATION
fixed length control field 210625b ||||| |||| 00| 0 eng d
020 ## - INTERNATIONAL STANDARD BOOK NUMBER
International Standard Book Number 0914168088
040 ## - CATALOGING SOURCE
Transcribing agency ALUPE UNIVERSITY
050 ## - LIBRARY OF CONGRESS CALL NUMBER
Classification number QM 25
Item number .N4 1987
100 ## - MAIN ENTRY--PERSONAL NAME
Personal name Netter, Frank H.
Dates associated with a name (Frank Henry), 1906-1991
245 ## - TITLE STATEMENT
Title The Ciba collection of medical illustrations
Remainder of title The Ciba collection of medical illustrations
260 ## - PUBLICATION, DISTRIBUTION, ETC.
Place of publication, distribution, etc. Summit, N.J.
Name of publisher, distributor, etc. : Ciba,
Date of publication, distribution, etc. c1958-
300 ## - PHYSICAL DESCRIPTION
Extent v.
Other physical details col
Dimensions . illustration
Accompanying material ., ports.
Size of unit ; 32 cm
500 ## - GENERAL NOTE
General note INDEX,GLOSSARY
942 ## - ADDED ENTRY ELEMENTS (KOHA)
Source of classification or shelving scheme
Koha item type Book
Suppress in OPAC DO
Holdings
Withdrawn status Lost status Source of classification or shelving scheme Damaged status Not for loan Permanent Location Current Location Shelving location Date acquired Total Checkouts Full call number Barcode Date last seen Copy number Price effective from Koha item type Public note
          AU LIBRARY AU LIBRARY Open Shelf 25.06.2021   QM 25 .N4 1987 C1 28003728 25.06.2021 1 25.06.2021 Book DO
          AU LIBRARY AU LIBRARY Open Shelf 25.06.2021   QM 25 .N4 1987 C2 28003729 25.06.2021 2 25.06.2021 Book DO
          AU LIBRARY AU LIBRARY Open Shelf 25.06.2021   QM 25 .N4 1987 C3 28003730 25.06.2021 3 25.06.2021 Book DO

Powered by Koha